| 000 | 00686nam a22001937a 4500 | ||
|---|---|---|---|
| 005 | 20160719160500.0 | ||
| 010 | _aENG-115458 | ||
| 020 |
_a9789385493157 _c560.00 |
||
| 035 | _aEN-98990 | ||
| 037 | _bDBAD/PUB | ||
| 082 | _a000 | ||
| 245 |
_aRathore comprehensive guide for IBPS CWE-Probationary officers recruitment Examination 2015 / _cedited by Kunwar Ishwar Singh Rathore |
||
| 250 | _aed. 2016 | ||
| 260 |
_aNew Delhi _bRathore Publishers & Distributors _c2016 |
||
| 270 |
_a202, 2nd Floor 4832/24 Ansari Road,Daryaganj _bNew Delhi _e110002 |
||
| 300 |
_aVarious pagings _c24cm(pbk) |
||
| 700 | _aRathore,Kunwar Ishwar Singh | ||
| 942 |
_2ddc _cEN _h000 _mRAT |
||
| 999 |
_c101376 _d101376 |
||